Normal view
MARC view
- MILES, LAWRENCE D
Entry Personal Name
001 - CONTROL NUMBER
- control field: 57243
003 - CONTROL NUMBER IDENTIFIER
- control field: NUST
005 - DATE AND TIME OF LATEST TRANSACTION
- control field: 20210628201858.0
008 - FIXED-LENGTH DATA ELEMENTS
- fixed length control field: 210628|| aca||aabn | a|a d
040 ## - CATALOGING SOURCE
- Original cataloging agency: NUST
- Transcribing agency: NUST
100 ## - HEADING--PERSONAL NAME
- Personal name: MILES, LAWRENCE D
670 ## - SOURCE DATA FOUND
- Source citation: Work cat.: (NUST): MILES, LAWRENCE D, TECHNIQUES OF VALUE ANALYSIS AND ENGINEERING, 1961
